The mammaries of the welfare state / (Record no. 62980)

MARC details
000 -LEADER
fixed length control field 00899nam a22002057a 4500
005 - DATE AND TIME OF LATEST TRANSACTION
control field 20120216122340.0
010 ## - LCCN (DPL NO)
LC control number B-453570
020 ## - INTERNATIONAL STANDARD BOOK NUMBER
International Standard Book Number 9780140272451
Terms of availability 450.00
035 ## - SYSTEM CONTROL NUMBER
System control number B-453570
037 ## - SOURCE OF ACQUISITION
Source of stock number/acquisition R.B.C/VEN
082 ## - DEWEY DECIMAL CLASSIFICATION NUMBER
Classification number S
100 ## - MAIN ENTRY--PERSONAL NAME
Personal name Chatterjee,Upamanyu
245 ## - TITLE STATEMENT
Title The mammaries of the welfare state /
Statement of responsibility, etc by Upamanyu Chatterjee
260 ## - PUBLICATION, DISTRIBUTION, ETC. (IMPRINT)
Place of publication, distribution, etc New Delhi
Name of publisher, distributor, etc Penguin Books
Date of publication, distribution, etc 2000
270 ## - ADDRESS
Address 11, Community Center,Panchsheel Park,
City New Delhi
Postal code 110017
300 ## - PHYSICAL DESCRIPTION
Extent 437p.
Dimensions 21cm.(pbk)
942 ## - ADDED ENTRY ELEMENTS (KOHA)
Source of classification or shelving scheme Dewey Decimal Classification
Item type English Books
Call number suffix CHA
Classification part S
Holdings
Withdrawn status Lost status Not for loan Collection code Home library Current library Date acquired Source of acquisition Cost, normal purchase price Full call number Barcode Copy number Cost, replacement price Koha item type
      Fiction Central Library Central Library 07/03/2012 Researchco Book Centre/26622/01.10.11/07/15.09.11/29.11.11 450.00 S CHA B-453570 1 450.00 English Books

© Delhi Public Library
Hit Counter
free hit counter